| 000 | 01384cam a2200289 i 4500 | ||
|---|---|---|---|
| 003 | SA-RiAUC | ||
| 005 | 20241215085435.0 | ||
| 008 | 241213s1995 su g 00000 ara c | ||
| 040 |
_aSA-RiAUC _bara _cSA-RiAUC _erda |
||
| 082 | 0 | 4 | _a252.5 |
| 090 |
_a252.5 _bا ب ن ظ |
||
| 100 | 1 |
_aابن ظهيرة، أبو بكر بن علي بن محمد، _d838-889 هجري _eمؤلف. |
|
| 245 | 1 | 0 |
_aكفاية المحتاج إلى الدماء الواجبة على المعتمر والحاج / _cتأليف فخر الدين أبي بكر بن علي بن ظهيرة القرشي المكي الشافعي ؛ حققه ودرسه وعلق عليه عبد العزيز بن مبروك بن عايد الأحمدي. |
| 250 | _aالطبعة الأولى. | ||
| 264 | 1 |
_aالمدينة المنورة : _bدار البخاري، _c1995 |
|
| 300 |
_a575 صفحة ؛ _c24 سم |
||
| 336 |
_aنص _btxt _2rdacontent _3كتاب |
||
| 337 |
_aبدون وسيط _bn _2rdamedia |
||
| 338 |
_aمجلد _bnc _2rdacarrier |
||
| 650 | 7 |
_aالأحكام الشرعية _2aucsh |
|
| 650 | 7 |
_aالحج _2aucsh |
|
| 650 | 7 |
_aالعبادات (فقه إسلامي) _2aucsh |
|
| 650 | 7 |
_aالطهارة (فقه إسلامي) _2aucsh |
|
| 700 | 1 |
_aالأحمدي، عبد العزيز مبروك عايد، _d1380 هجري- _eمحقق. |
|
| 942 |
_2ddc _cBOOK _n0 |
||
| 949 |
_aSA-JeALM _d241213 _uosman123 _n1 |
||
| 999 |
_c3521 _d3521 |
||